000 nam a22 7a 4500
999 _c24422
_d24422
008 170128b xxu||||| |||| 00| 0 eng d
020 _a9780716769392
050 _aQA 7 .C66 2006
100 _aComap.
_d2006
245 _aMathematical Literacy in Today's World/
250 _a7th ed.
260 _aNew york:
_bW.H. Freeman and company,
_c2006.
300 _axviii, 894, [63]p.:
_bill.;
_c24cm.
521 _aIncludes index.
650 _aMathematics.
942 _2lcc
_cBOOKS
_hQA 7 .C66 2006